000 00748nam a22002297a 4500
005 20250409150439.0
008 250409b |||||||| |||| 00| 0 eng d
020 _a978-1-3504-0481-6 (pbk)
037 _cTB
040 _aCRL
_cCRL
041 _2eng
_aeng
084 _aR:(T:3) R4
_qCRL
245 _aArt of teaching philosophy:
_bReflective values and concrete practices
260 _aLondon, UK:
_bBloomsbury Academic,
_c2024.
300 _axi, 354p.
365 _b19.99
_cUKP
650 _aPhilosophy
650 _aEducation
700 _aWelch, Brynn F. (Editor)
_9752044
942 _2CC
_cTB
_hR:(T:3) R4
_n0
999 _c1308617
_d1308617